00322pam a2200133 a 4500020000500000041000500005082001000010100002500020245006800045260003300113300000800146653002000154700001400174 c h a641.5 aPRITI NARAINeAuthor aTHE ESSENTIAL DELHI COOK BOOKcPRITI NARAINhTextual Documents  aNew DelhibPENGUIN Books Ltd a292 afood production eCo-Author